00430nam a2200133Ia 4500008004100000100002000041245007600061245002000137260003900157260000900196650001800205650001500223856005800238170221s9999 xx 000 0 und d aAntonio Ciaglia aIn Press We Trust? A Comparative Study of Three European Press Systems  cAntonio Ciaglia bStudies in Media and Communication c2016 xCommunication xMedia Arts uhttp://redfame.com/journal/index.php/smc/issue/view/6